Wszystkie współczesne państwa kontrolowane przez Portugalię - Statystyki

Ogólne statystyki
  • Ten quiz został rozwiązany 3 972 razy
  • Średni wynik to 37 z 49
Odpowiedzi na mapie
Odpowiedzi zakodowano w zielono-czerwonej skali na mapie do tego quizu, zgodnie z poniższymi procentami.
 
Statystyki odpowiedzi
Państwa % Poprawnych
Brazylia
99%
Portugalia
97%
Maroko
91%
Urugwaj
90%
Angola
88%
Indie
88%
Gujana
85%
Oman
85%
Indonezja
84%
Jemen
84%
Mozambik
83%
Sri Lanka
83%
Demokratyczna Republika Konga
82%
Katar
81%
Somalia
81%
Chiny
80%
Madagaskar
79%
Hiszpania
78%
Senegal
78%
Kenia
76%
Mjanma
76%
Sudan
76%
Zambia
76%
Zimbabwe
76%
Bangladesz
75%
Japonia
75%
Malezja
75%
Tanzania
75%
Erytrea
74%
Francja
74%
Mauretania
73%
Republika Zielonego Przylądka
73%
Timor Wschodni
73%
Ghana
71%
Malawi
71%
Malediwy
71%
Filipiny
70%
Wyspy Świętego Tomasza i Książęca
69%
Arabia Saudyjska
67%
Kongo
67%
Benin
66%
Gwinea Bissau
66%
Bahrajn
65%
Zjednoczone Emiraty Arabskie
64%
Mauritius
61%
Gwinea Równikowa
60%
Iran
53%
Wielka Brytania
53%
Barbados
47%
Nie znaleziono quizów pasujących do podanych kryteriów
Rozkład punktacji
Procent ludzi z każdym wynikiem
Percentyl według liczby udzielonych odpowiedzi
Twoja historia wyników
Nie rozwiązałeś tego quizu